Statistics for USA Or Canada Multiple Choice

Click here to take the quiz!

General Stats

  • This quiz has been taken 166 times
    (164 since last reset)
  • The average score is 15 of 21

Answer Stats

QuestionAnswer% Correct
Country That Has More PeopleUSA
96%
Country Also Known as Great White NorthCanada
95%
Countries That Border The Atlantic OceanBoth
93%
The City of Iqaluit is located in...Canada
93%
Country That Borders Two Other CountriesUSA
90%
Country With Higher EconomyUSA
90%
The Big Apple is located in...USA
89%
Country With More LakesCanada
84%
Country Part of The UNBoth
83%
Country With Lower Point (Also The Lowest Point in North America)USA
82%
Country With Most Populous SubdivisionUSA
81%
Country With More Populous Capital CityUSA
72%
Country Whose Westernmost State is Also The Easternmost StateUSA
70%
Country That Takes in More ImmigrantsUSA
70%
The Azores (Portugal) Are Closer To The Mainland of..Canada
58%
Country With Most Visited Waterfall In The WorldBoth
57%
Country With Higher Cost of LivingUSA
55%
Country With Higher Highest PointUSA
53%
There Is a City Called Vancouver in...Both
41%
Country With Longest Highway in The WorldCanada
40%
Country With More Time ZonesEqual Amount
33%

Score Distribution

Percentile by Number Answered

Percent of People with Each Score

Your Score History

You have not taken this quiz since the last reset